000 01012cam a2200277 a 4500
003 KenMUT
005 20250724112728.0
008 120917s2013 pau bf 001 0 eng
020 _a9780803636644
020 _a9780077802165
040 _cMUT
050 0 0 _aRB 38.2
_b.L44 2013
100 1 _aVan Leeuwen, Anne M.
245 1 0 _aDavis's comprehensive handbook of laboratory & diagnostic tests with nursing implications /
250 _a5th ed.
260 _aPhiladelphia :
_bF.A. Davis Co.,
_c2013.
650 1 2 _aClinical Laboratory Techniques
_vHandbooks.
650 1 2 _aClinical Laboratory Techniques
_vNurses' Instruction.
650 1 2 _aNursing Diagnosis
_xmethods.
650 2 2 _aDiagnostic Techniques and Procedures
_vHandbooks.
650 2 2 _aDiagnostic Techniques and Procedures
_vNurses' Instruction.
700 1 _aPoelhuis-Leth, Debra J.
700 1 _aBladh, Mickey Lynn.
700 1 _aVan Leeuwen, Anne M.
942 _2lcc
_cBK
_n0
999 _c22416
_d22416